Les équipes ayant terminé sur le podium de la Premier League - Statistiques

Statistiques générales
  • Ce quiz a été pris 445 fois
    267 depuis la dernière actualisation
  • Le résultat moyen est 19 sur 35
Statistiques - réponses
Nombre de podiums Années sur le podium Equipes % Correct
20 1904, 1921, 1937, 1968, 1977, 2011, 2012, 2013, 2014, 2015, 2017, 2018, 2019, 2020, 2021, 2022, 2023, 2024, 2025, 2026 Manchester City
100%
45 1908, 1911, 1947, 1948, 1949, 1951, 1952, 1956, 1957, 1959, 1964, 1965, 1967, 1968, 1976, 1980, 1982, 1983, 1988, 1992, 1993, 1994, 1995, 1996, 1997, 1998, 1999, 2000, 2001, 2002, 2003, 2004, 2005, 2006, 2007, 2008, 2009, 2010, 2011, 2012, 2013, 2018, 2021, 2023, 2026 Manchester United
99%
33 1926, 1931, 1932, 1933, 1934, 1935, 1938, 1948, 1952, 1953, 1971, 1973, 1981, 1989, 1991, 1997, 1998, 1999, 2000, 2001, 2002, 2003, 2004, 2005, 2008, 2010, 2012, 2015, 2016, 2023, 2024, 2025, 2026 Arsenal
98%
18 1955, 1965, 1970, 1999, 2004, 2005, 2006, 2007, 2008, 2009, 2010, 2011, 2013, 2014, 2015, 2017, 2019, 2022 Chelsea
98%
43 1899, 1901, 1906, 1910, 1922, 1923, 1947, 1964, 1966, 1968, 1969, 1972, 1973, 1975, 1976, 1977, 1978, 1979, 1980, 1982, 1983, 1984, 1985, 1986, 1987, 1988, 1989, 1990, 1991, 1996, 1998, 2001, 2002, 2006, 2007, 2009, 2014, 2019, 2020, 2021, 2022, 2024, 2025 Liverpool
98%
17 1922, 1951, 1952, 1957, 1958, 1960, 1961, 1962, 1963, 1967, 1971, 1985, 1987, 1990, 2016, 2017, 2018 Tottenham
91%
17 1889, 1894, 1896, 1897, 1899, 1900, 1903, 1908, 1910, 1911, 1913, 1914, 1931, 1933, 1981, 1990, 1993 Aston Villa
87%
2 1929, 2016 Leicester
87%
8 1905, 1907, 1909, 1927, 1994, 1996, 1997, 2003 Newcastle
80%
1 1986 West Ham
76%
19 1890, 1891, 1895, 1902, 1905, 1909, 1912, 1915, 1928, 1932, 1939, 1963, 1964, 1969, 1970, 1978, 1985, 1986, 1987 Everton
75%
7 1967, 1978, 1979, 1984, 1988, 1989, 1995 Nottingham Forest
75%
10 1965, 1966, 1969, 1970, 1971, 1972, 1973, 1974, 1992, 2000 Leeds
66%
12 1938, 1939, 1947, 1950, 1953, 1954, 1955, 1956, 1958, 1959, 1960, 1961 Wolverhampton
58%
1 1991 Crystal Palace
55%
1 1984 Southampton
52%
7 1920, 1921, 1948, 1960, 1962, 1963, 1966 Burnley
49%
4 1912, 1914, 1994, 1995 Blackburn
47%
12 1892, 1893, 1894, 1895, 1898, 1901, 1902, 1913, 1923, 1935, 1936, 1950 Sunderland
47%
1 1993 Norwich
43%
3 1897, 1898, 1900 Sheffield United
40%
1 1924 Cardiff City
37%
1 1976 Queens Park Rangers
34%
6 1965, 1975, 1977, 1980, 1981, 1982 Ipswich
33%
4 1920, 1925, 1954, 1979 West Bromwich Albion
32%
6 1903, 1904, 1929, 1930, 1961, 1992 Sheffield Wednesday
31%
3 1949, 1950, 1955 Portsmouth
30%
7 1896, 1930, 1936, 1949, 1972, 1974, 1975 Derby County
29%
1 1983 Watford
28%
1 1907 Bristol City
21%
7 1924, 1925, 1926, 1927, 1928, 1934, 1954 Huddersfield
21%
10 1889, 1890, 1891, 1892, 1893, 1906, 1938, 1953, 1957, 1958 Preston North End
20%
2 1951, 1956 Blackpool
18%
2 1937, 1939 Charlton Athletic
14%
1 1915 Oldham Athletic
4%
Aucun quiz correspondant
Distribution des résultats
% des personnes avec chaque résultat
Percentile par nombre de réponses
Votre historique - résultats
Vous n’avez pas pris ce quiz depuis la dernière actualisation